Hra s najvyššími kartami

Bibliographic Details
Main Author: Radosa, Vladimír (Author)
Format: Article
Language:Slovak
ISSN:1210-1982
Subjects:

MARC

LEADER 00000nab a2200000 ar4500
001 vtls008954076
003 SK-MaSNL
005 20260303070306.0
008 070312c2007 xo er|p|||||||000 b|slo
015 |a SNBRB2007/03  |2 snkbucl 
038 |a SNKBUCL 
040 |a SNKBUCL  |b slo  |c SNKBUCL  |e AACR2 
041 0 |a slo 
044 |a xo  |c SK 
080 |a 82.09:821.162.4-312.4  |x (048)  |2 1997 
080 |a 821.162.4-312.4  |x (048)  |2 1997 
100 1 |a Radosa, Vladimír  |4 aut  |9 1032419 
245 1 0 |a Hra s najvyššími kartami  |c Vladimír Radosa 
650 0 7 |a detektívne romány, slovenské  |x recenzie  |2 snkbucl  |9 1033658 
655 7 |a recenzie  |2 snkbucl  |9 21907 
773 0 |t Knižná revue  |g Roč. XVII, č. 5 (2007), s. 5  |x 1210-1982 
787 0 8 |i Rec.:  |a Dán, Dominik, 1955-  |t Sára  |d Bratislava : Slovart, c2006  |z 80808552073 
852 |a SNK  |b KIS3GCP 
958 |a LX 
958 |a SK 
958 |a RC 
999 |c 1754734  |d 1756664